Statistics for Rap/Hip Hop Songs

Click here to take the quiz!

General Stats

  • This quiz has been taken 163 times
    (105 since last reset)
  • The average score is 41 of 500

Answer Stats

Song TitleAnswer% Correct
Without MeEminem
92%
Dear MamaTupac Shakur
86%
99 ProblemsJay Z
85%
HypnotizeThe Notorious B.I.G.
83%
It Was A Good DayIce Cube
76%
Nuthin But A G ThangDr. Dre
75%
In Da Club50 Cent
73%
Who Am I (What's My Name)Snoop Dogg
69%
EtherNas
66%
Express YourselfN.W.A.
63%
Hotline BlingDrake
59%
Poetic JusticeKendrick Lamar
56%
No Role ModelzJ. Cole
54%
A MilliLil Wayne
54%
Jesus WalksKanye West
52%
Cruisin In My 64Eazy-E
51%
Ruff Ryder's AnthemDMX
49%
Mask OffFuture
46%
YonkersTyler, The Creator
45%
Bodak YellowCardi B
44%
Gangsta's ParadiseCoolio
44%
B.O.B.Outkast
42%
RegulateWarren G
42%
Protect Ya NeckWu Tang Clan
41%
Ice Ice BabyVanilla Ice
38%
Black And YellowWiz Khalifa
37%
Ghetto SymphonyA$AP Rocky
35%
I Ain't No JokeEric B And Rakim
32%
I'm BadLL Cool J
32%
Pursuit Of HappinessKid Cudi
31%
Hot In HerreNelly
31%
How We DoThe Game
31%
No Heart21 Savage
30%
Tee ShirtMigos
30%
I'll Be Missing YouP. Diddy
30%
Cocoa Butter KissesChance The Rapper
28%
Insane In The BrainCypress Hill
28%
Shook OnesMobb Deep
28%
Rapper's DelightSugarhill Gang
28%
DangerousBusta Rhymes
27%
Thrift ShopMacklemore And Ryan Lewis
27%
Doo-Wop (That Thing)Lauryn Hill
25%
Nothing On YouB.o.B.
24%
Gang RelatedLogic
24%
Don't Believe The HypePublic Enemy
24%
No FavorsBig Sean
23%
Sound Of Da PoliceKRS One
23%
Act A FoolLudacris
23%
You Make My High Come DownNate Dogg
23%
Hustlin’Rick Ross
23%
King Of RockRun-DMC
23%
Look At MeXXXTentacion
23%
Good Drank2 Chainz
21%
Still Not A PlayerBig Pun
21%
Children's StorySlick Rick
21%
Be EasyT.I.
21%
I Don’t LikeChief Keef
20%
UltimateDenzel Curry
20%
EnvyFat Joe
20%
Mind Playin Tricks On MeGeto Boys
20%
Jump AroundHouse Of Pain
20%
All I NeedMethod Man
20%
Push ItSalt N Pepa
20%
Baby Got BackSir Mix-A-Lot
20%
SabotageBeastie Boys
18%
Street StruckBig L
18%
No DiggityBlackstreet
18%
Purple PillsD12
18%
The MessageGrandmaster Flash And The Furious Five
18%
Shadowboxin'GZA
18%
Not TonightLil Kim
18%
CriminologyRaekwon
18%
The Baddest Man AliveRZA
18%
20 Wave CapsEarl Sweatshirt
17%
I Get The BagGucci Mane
17%
Kool Aid & Frozen PizzaMac Miller
17%
We BallMeek Mill
17%
MathematicsMos Def
17%
OPPNaughty By Nature
17%
I'll Bee DatRedman
17%
She's The OneRoyce Da 5'9"
17%
Catch Me OutsideSki Mask The Slump God
17%
Electric RelaxationA Tribe Called Quest
15%
Ain't No Half SteppinBig Daddy Kane
15%
Ready Or NotFugees
15%
New Jack HustlerIce T
15%
Brooklyn ZooOl Dirty Bastard
15%
H.N.I.C.Prodigy
15%
What They WantSchoolboy Q
15%
SummertimeDJ Jazzy Jeff And The Fresh Prince
14%
All That I Got Is YouGhostface Killah
14%
I Got 5 On ItLuniz
14%
2 Legit 2 QuitMC Hammer
14%
Ruthless For LifeMC Ren
14%
Rhymes Like DimesMF Doom
14%
Get Ur Freak OnMissy Elliott
14%
Code #829A-F-R-O
13%
Just A FriendBiz Markie
13%
LowFlo Rida
13%
King PushPusha T
13%
Hood Go CrazyTech N9ne
13%
CarolineAminé
11%
The CrossroadsBone Thugs N Harmony
11%
RidinChamillionaire
11%
I Used To Love H.E.R.Common
11%
InvincibleMachine Gun Kelly
11%
Mr. BoombasticShaggy
11%
KaraokeT Pain
11%
Colt 45Afroman
10%
Second Round KOCanibus
10%
HeartbeatChildish Gambino
10%
Catch A Bad OneDel Tha Funkee Homosapien
10%
Poppin' Them ThangsG-Unit
10%
Dance With The DevilImmortal Technique
10%
I CryJa Rule
10%
Ill Street BluesKool G Rap
10%
JumpKriss Kross
10%
Professional RapperLil Dicky
10%
Time Of My LifePitbull
10%
Tear Da Club Up '97Three 6 Mafia
10%
Gangsta NationWestside Connection
10%
Front 2 BackXzibit
10%
ShabbaA$AP Ferg
8%
IlluminateAb-Soul
8%
Rather UniqueAZ
8%
DefinitionBlack Star
8%
Flava In Ya EarCraig Mack
8%
Me, Myself And IDe La Soul
8%
Lock JawFrench Montana
8%
Full ClipGang Starr
8%
Hop Is BackHopsin
8%
Say WassupJay Rock
8%
Survival TacticsJoey Bada$$
8%
Shell ShockedJuicy J
8%
I Don't Get TiredKevin Gates
8%
Kick, PushLupe Fiasco
8%
Make 'Em Say UhhMaster P
8%
Streiht Up MenaceMC Eiht
8%
Ghetto SuperstarPras
8%
Cross Tha LineProof
8%
ShEtherRemy Ma
8%
One DayUGK
8%
Gone Till NovemberWyclef Jean
8%
Doin 2 MuchYo Gotti
8%
RAFA$AP Mob
7%
LightersBad Meets Evil
7%
The InaugurationBun B
7%
Right ThurrChingy
7%
Thang On My HipDaz Dillinger
7%
Nah NahE-40
7%
Hokus PokusInsane Clown Posse
7%
WhyJadakiss
7%
Put OnJeezy
7%
Player's AnthemJunior M.A.F.I.A.
7%
The BreaksKurtis Blow
7%
We Can Freak ItKurupt
7%
Paper ThinMC Lyte
7%
They Reminisce Over YouPete Rock And CL Smooth
7%
U.N.I.T.Y.Queen Latifah
7%
Gas PedalSage The Gemini
7%
93 Til InfinitySouls Of Mischief
7%
Passin Me ByThe Pharcyde
7%
The GhettoToo $hort
7%
Overnight CelebrityTwista
7%
Doing BadB.G.
6%
Dreamin'Big K.R.I.T.
6%
My PhilosophyBoogie Down Productions
6%
Horse & CarriageCam'ron
6%
PillageCappadonna
6%
Ain’t It FunnyDanny Brown
6%
The Humpty DanceDigital Underground
6%
Dollaz And SenseDJ Quik
6%
Who's That Girl?Eve
6%
I'll BeFoxy Brown
6%
NY 4 LifeHavoc
6%
Heavy Metal KingsJedi Mind Tricks
6%
Pump It UpJoe Budden
6%
I Go To WorkKool Moe Dee
6%
Nothing 2 LoseKyle
6%
Good VibrationsMarky Mark And The Funky Bunch
6%
Feel So GoodMase
6%
I Seen A Man DieScarface
6%
You Got MeThe Roots
6%
Dat's GangstaU-God
6%
Pop The TrunkYelawolf
6%
Still FlyBig Tymers
4%
Locc 2 Da BrainBrotha Lynch Hung
4%
Laffy TaffyD4L
4%
Rebirth Of The Slick (Cool Like That)Digable Planets
4%
Fantastic DamageEl-P
4%
4 Minutes Of HellG Herbo
4%
Diary Of A MadmanGravediggaz
4%
The MovementInspectah Deck
4%
4r Da SquawIsaiah Rashad
4%
I Need A Hot GirlJuvenile
4%
Southern FriedKiller Mike
4%
Played Like A PianoKing Tee
4%
Wipe Me DownLil Boosie
4%
Foe LifeMack 10
4%
Me And The BizMasta Ace
4%
No Said DateMasta Killa
4%
The BridgeMC Shan
4%
The RockwilderMethod Man And Redman
4%
Forest GreenOdd Future
4%
Freek-A-LeekPetey Pablo
4%
Down 4 MinePimp C
4%
Job Well DoneRun The Jewels
4%
Psychopath KillerSlaughterhouse
4%
A Gangster And A GentlemanStyles P
4%
Get ByTalib Kweli
4%
It's Funky EnoughThe D.O.C.
4%
Ryde Or DieThe Lox
4%
Step To MeTim Dog
4%
Salt ShakerYing Yang Twins
4%
U Love 2 HateYukmouth
4%
Space Age Pimin'8-Ball And MJG
3%
KirbyAesop Rock
3%
Planet RockAfrika Bambaataa And The Soulsonic Force
3%
ChoppazBig Moe
3%
WhoaBlack Rob
3%
Shmoney DanceBobby Shmurda
3%
Dirty MoneyClipse
3%
Hood Took Me UnderCompton’s Most Wanted
3%
Killaz ThemeCormega
3%
FunkdafiedDa Brat
3%
Mic CheckaDas Efx
3%
It’s Bigger Than Hip-HopDead Prez
3%
DapperDomo Genesis
3%
Let's Get CozyDres
3%
You Gots To ChillEPMD
3%
Red RumEsham
3%
Can't Deny ItFabolous
3%
La SchmooveFu Schnickens
3%
Inner GHRSMN
3%
So Far To GoJ. Dilla
3%
Mental StaminaJeru The Damaja
3%
There It GoJuelz Santana
3%
Since 84Mac Dre
3%
Round HereMemphis Bleek
3%
Stick To Ya GunzMOP
3%
Ocean ViewsNipsey Hussle
3%
CheersObie Trice
3%
Last DaysOnyx
3%
Alphabetical SlaughterPapoose
3%
Sittin’ SidewayzPaul Wall
3%
Simon SaysPharoahe Monch
3%
Dear DillaPhife Dawg
3%
You Know The BissProject Pat
3%
Nature Of The ThreatRas Kass
3%
(I Know I Got) SkillzShaquille O'Neal
3%
We At WarSheek Louch
3%
Bad BoyzShyne
3%
I WishSkee Lo
3%
InformerSnow
3%
Lov Me Or Lov Me NotSoulja Slim
3%
Whoomp There It IsTag Team Music
3%
Lean BackTerror Squad
3%
What Would You Do?Tha Dogg Pound
3%
Crunk MuzikThe Diplomats
3%
Feel The HeartbeatThe Treacherous Three
3%
NannTrick Daddy
3%
Hands UpUncle Murda
3%
Back Sellin' CrackVince Staples
3%
ClappersWale
3%
The Shadiest OneWC
3%
Shorty Wanna RideYoung Buck
3%
C'mon Babe2 Live Crew
1%
Tootsie Roll69 Boys
1%
Easy RiderAction Bronson
1%
Trying To Find A BalanceAtmosphere
1%
Smoking With The GodsAzizi Gibson
1%
Remember Them DaysBeanie Siegel
1%
Watch Out NowBeatnuts
1%
Doin ThangsBig Bear
1%
Texas BoyBig Lurch
1%
Over ReactBizarre
1%
Alphabet AerobicsBlackalicious
1%
Losing OutBlack Milk
1%
I Got Cha OpinBlack Moon
1%
The Choice Is YoursBlack Sheep
1%
Ghetto SmileB-Legit
1%
Illa NoyzBoot Camp Clik
1%
Don't Let It Go To Your HeadBrand Nubian
1%
Uncle Sam GoddamnBrother Ali
1%
DeliveranceBubba Sparxxx
1%
Food For ThoughtBuckshot
1%
Making Cash MoneyBusy Bee Starski
1%
Ballad Of WormsCage
1%
Free The RobotsCapital Steez
1%
It’s Going Down TonightCelly Cel
1%
Ghetto TiesC-Murder
1%
8 Steps To PerfectionCompany Flow
1%
We Get It CrunkCool Breeze
1%
Dem PeopleCrooked I
1%
BreakfastCurren$y
1%
Nu AfricaCyhi The Prynce
1%
PlayDavid Banner
1%
GuillotineDeath Grips
1%
Full CooperationDef Squad
1%
White TeeDem Franchize Boyz
1%
AnythangDevin The Dude
1%
FrontlinesDiabloic
1%
Let Me Clear My ThroatDJ Kool
1%
Po PimpDo Or Die
1%
Keep Risin' To The TopDoug E. Fresh
1%
Pimp Of The YearDru-Down
1%
G'd UpEastsidaz
1%
Swangin’ And Bangin’E.S.G.
1%
This Is ItFlatbush Zombies
1%
Graveyard NightmareFlatlinerz
1%
I Got Your BackFlipmode Squad
1%
FlipsideFreeway
1%
Enquiring MindsGangsta Boo
1%
Horror Movie RapGanksta N-I-P
1%
Cell TherapyGoodie Mob
1%
Somebody For MeHeavy D
1%
UndastandHeltah Skeltah
1%
We On FireHot Boyz
1%
My UncleIll Bill
1%
Grim RealityInsane Poetry
1%
On Tha Job TrainingJacky Jasper
1%
Welcome To AtlantaJermaine Dupri
1%
We Fly HightJim Jones
1%
Block RoyalJoell Ortiz
1%
EvolutionJuice Crew
1%
Concrete SchoolyardJurassic 5
1%
Hot To DefKeith Murray
1%
Fake MC'sKillah Priest
1%
Nobody Crosses MeKingpin Skinny Pimp
1%
I Run RapKool Keith
1%
Stay FlyKoopsta Knicca
1%
Heated HeavyKrayzie Bone
1%
Valley Of DecisionK-Rino
1%
A History Of ViolenceKuniva
1%
Afro PuffsLady Of Rage
1%
Polluted WisdomLA The Darkman
1%
Sobb StoryLeaders Of The New School
1%
Get LowLil Jon And The Eastside Boys
1%
Wanna Be A BallerLil Troy
1%
Lovin’ ItLittle Brother
1%
Did I KnowLord Infamous
1%
Chief RockaLords Of The Underground
1%
9th WardMagic
1%
The SymphonyMarly Marl
1%
Neva Had A DollaMC Wicks
1%
It’s A ShameMonie Love
1%
I Smell SmokeMystikal
1%
Dead Body DisposalNecro
1%
Jam On ItNewcleus
1%
Stray BulletOrganized Konfusion
1%
Crownin’ MePlaya Fly
1%
I Got A ManPositive K
1%
What They Call MeRah Digga
1%
We Getz DownRampage
1%
It Takes 2Rob Base And DJ E-Z Rock
1%
Fat Gold ChainSchooly D
1%
60 Bar DashSean Price
1%
Real Bad BoysShyheim
1%
It Ain't My FaultSilkk Tha Shocker
1%
Eyez ClosedSlum Village
1%
WreckonizeSmif N' Wessun
1%
I Got It MadeSpecial Ed
1%
187 ProofSpice-1
1%
Snoopy BlueSpider Loc
1%
You's An Old FoolSpoonie Gee
1%
My Dogz Iz My GunzSticky Fingaz
1%
Phone TapThe Firm
1%
Baby Don't CryThe Outlawz
1%
Up Jumps Tha BoogieTimbaland And Magoo
1%
Thuggish Ruggish BustazTommy Wright III
1%
Wild ThingTone Loc
1%
Eastside WestsideTony Yayo
1%
Welcome 2 DetroitTrick Trick
1%
Here We GoTrina
1%
Ego Trippin’Ultramagnetic MC’s
1%
Freaks Come Out At NightWhodini
1%
RumpshakerWreckx-N-Effect
1%
Witta Mask OnX-Raided
1%
Rubberband BanksYoung Dro
1%
Bust A MoveYoung MC
1%
FreedomYo-Yo
1%
I Found MeZ-Ro
1%
So Fly213
0%
Steppin’ To The A.M.3rd Bass
0%
Underground G’s5th Ward Boys
0%
Brooklyn In My Mind9th Wonder
0%
StrappedA$AP Twelvvy
0%
Bath SaltA$AP Yams
0%
Murder RapAbove The Law
0%
Whirlwind Thru CitiesAfu-Ra
0%
Killa WhaleAndre Nickatina
0%
Battle CryArmy Of Pharoahs
0%
Nutty By NatureB.G. Knocc Out
0%
FEDzBig Ed
0%
Da BaddestBig Kuntry King
0%
Tha Streets Won’t Let GoBig Ren
0%
What Have I LearnedBizzy Bone
0%
Zip That Chop ThatBlack Hippy
0%
Set Trippin’Bloods And Crips
0%
Pop That ThangBust Down
0%
Cookie HighCamp Lo
0%
Blood MoneyCapone N Noreaga
0%
Pistol Poppin’Cashis
0%
HotelCassidy
0%
Straight KillerC-Bo
0%
Seven ChakrasCes Cru
0%
KreepChino XL
0%
Treat 'Em RightChubb Rock
0%
Punk Rock RapCold Crush Brothers
0%
Rob The DopemanCrunchy Black
0%
Mic Like A MemoryCunninlynguists
0%
We Run ThingsDa Bush Babees
0%
Freedom Got An A.K.Da Lench Mob
0%
Worst Comes To WorstDilated Peoples
0%
Hittin' SwitchesErick Sermon
0%
Bank RobberyFacemob
0%
Sunshine MenFreestyle Fellowship
0%
King HeroinFunky 4+1
0%
My Childhood YearsGambino Family
0%
Compton & WattsGangsta Dresta
0%
Killa KillaGangsta Pat
0%
Hustla BallerGhetto Commission
0%
Supreme LyricismGift Of Gab
0%
Hood TreasuryGoldie Loc
0%
Set It Off 99Grandmaster Caz
0%
A Little Of ThisGrand Puba
0%
Supa StarGroup Home
0%
You Never KnewHieroglyphics
0%
Couple BarsHomeboy Sandman
0%
The TunnelJakki Tha Motamouth
0%
Hater AnthemJean Grae
0%
When I Was YoungJon Conner
0%
Who DatJT Money
0%
Because I Got It Like ThatJungle Brothers
0%
Cold Gettin’ DumbJust-Ice
0%
Time After TimeKane And Abel
0%
UnifyKid Capri
0%
Ain’t Gonna Hurt NobodyKid N Play
0%
HorrorcoreKing Gordy
0%
Erbody But MeKrizz Kaliko
0%
SheGodLady Luck
0%
Brand New SoundLarge Professor
0%
A New LifeLayzie Bone
0%
Beware Of My CrewLBC Crew
0%
I’ll Find YouLecrae
0%
Game OverLil Flip
0%
Tank In My HandLil Soldiers
0%
American MonsterLo Key
0%
Deep SpaceLord Jamar
0%
Me & My Crazy WorldLost Boyz
0%
Looking At The Front DoorMain Source
0%
Last One Standing¡Mayday!
0%
I Need A ThugMercedes
0%
The Party Don’t StopMia X
0%
Lights, Camera, ActionMr. Cheeks
0%
Remember 2 ForgetMurs
0%
No StaticNappy Roots
0%
Sunday SchoolNatas
0%
TRUNo Limit Soldiers
0%
Best Believe ItNo Malice
0%
Diddy BopNoName
0%
SuperthugN.O.R.E.
0%
Calm Before Da StormO.G.C.
0%
Set It OffOrganized Noize
0%
I’m A KingP$C
0%
Acid RaindropsPeople Under The Stairs
0%
Rock Dis Funky JointPoor Righteous Teachers
0%
Po PunchPo White Trash And The Trailer Park Symphony
0%
Morbid LullabiesQ Strange
0%
Party Ain't A PartyQueen Pen
0%
A Star Is BornR.A. The Rugged Man
0%
Switch LanesRittz
0%
Big MommaRoxanne Shante
0%
Russian RouletteScum
0%
Feels Good To Be HereShawty Lo
0%
Fat PocketsShowbiz And A.G.
0%
One Of Dem NightsSleepy Brown
0%
I See The LightSlug
0%
Servin’ Em HeatSouth Central Cartel
0%
Bringing The PhonkSpaceGhostPurrp
0%
Takin’ All That JazzStetsasonic
0%
Doe Doe And A SkunkSuga Free
0%
On To The Next OneSwizz Beatz
0%
You Ain’t Bout That LifeTa Smallz
0%
All About Dat CashTen Wanted Men
0%
Only When I’m DrunkThe Alkaholiks
0%
Stick ‘EmThe Fat Boys
0%
Never BlinkThe Jacka
0%
CrispyTonedeff
0%
Feel Like PimpingTop Dog
0%
SaluteTragedy Khadafi
0%
Walk That WalkTweedy Bird Loc
0%
BrainsickTwisted Insane
0%
We Don’t DieTwizted
0%
Heaven Comin’Witchdoctor
0%
Loko “4” RealWomack The Omen
0%
Bust A SlugWu Syndicate
0%
Funkin’ LessonX Clan
0%
How Ya Do DatYoung Bleed
0%
Hot SauceYoung M.A.
0%

Score Distribution

Percentile by Number Answered

Percent of People with Each Score

Your Score History

You have not taken this quiz since the last reset